000
00229 a2200085 4500
020
_a
9781409462651
100
_a
Matthew Carmona
245
_a
Explorations in Urban Design: An Urban Design
260
_b
Ashgate Publishing Limited
_c
2014
999
_c
13109
_d
13109